| 000 | 01138nam a2200301 i 4500 | ||
|---|---|---|---|
| 003 | EG-GICUC | ||
| 005 | 20260121101430.0 | ||
| 008 | 251204s1970 ua ||||f |||| 00| 0 ara d | ||
| 017 | _a1970/4498 | ||
| 040 |
_a EG-GICUC _bara _c EG-GICUC _d EG-GICUC _erda |
||
| 082 | 0 | 4 |
_221 _a345.25 _bم ح . ح |
| 092 | 0 | 4 | _221 |
| 099 | _aLaw1 07 345.25 م ح . ح 1970 | ||
| 100 | 0 |
_aمحمد القطب طبلية _eمؤلف. |
|
| 245 |
_aالحكومة المحلية في السودان \ _cدكتور محمد القطب طبلية. |
||
| 264 | 3 |
_aالقاهرة : _bمطبعة عين شمس، _c1970. |
|
| 300 |
_a108 ؛ صفحة _c24 سم. |
||
| 336 |
_2rda content _atext |
||
| 337 |
_2rda media _aComputer |
||
| 338 |
_2rda carrier _aOnline Resource |
||
| 504 | _aيشتمل علي ارجاعات ببليوجرافية | ||
| 546 | _aالنص أغلبه باللغة العربية بعض النصوص الإنجليزية والفرنسية | ||
| 650 | 1 |
_aالقانون الإداري _2qrmak |
|
| 651 | 1 | _2qrmak | |
| 856 | 4 | 0 | _uhttps://fll.law.cu.edu.eg/fulltext/bks/B07-00944.pdf |
| 905 |
_a74 _eYara |
||
| 942 |
_2ddc _n0 _cBK _e21 |
||
| 999 |
_c48406 _d48406 |
||